000 00191nam a22000857a 4500
008 170620b xxu||||| |||| 00| 0 eng d
100 _93529
_aPark. C. S
245 _aA Single shard
260 _c2003
999 _c6913
_d6913